| 000 | 00518nam a2200193 a 4500 | ||
|---|---|---|---|
| 001 | 2706 | ||
| 003 | CO-ViMGA | ||
| 008 | 141112s2004 ck r 000 u spa d | ||
| 040 |
_aCO-ViMGA _bspa _cCO-ViMGA |
||
| 082 | 0 | 4 | _a809 M181 |
| 100 | 1 |
_aNavarro Duran, Rosa _951741 |
|
| 245 | 1 | 0 | _aComentar textos literarios |
| 260 |
_aMexico : _bAlhambra, _c1996 |
||
| 300 | _a150 p : il | ||
| 490 | _aNueva breda, 2 | ||
| 650 | 1 | 4 | _aLITERATURA - CRITICA E INTERPRETACION |
| 650 | 1 | 4 |
_aTEXTOS LITERARIOS _951743 |
| 942 |
_2ddc _cBK |
||
| 999 |
_c14781 _d14781 |
||